[Event "Arvier op"]
[Site "Arvier"]
[Date "2010.07.07"]
[Round "6"]
[White "Bernard, Nicolas"]
[Black "Timpano, Daniele"]
[Result "1-0"]
[WhiteElo "2117"]
[BlackElo "1440"]
[PlyCount "69"]
[EventDate "2010.07.03"]
[EventType "swiss"]
[EventRounds "9"]
[EventCountry "ITA"]
[SourceTitle "CBM 137 Extra"]
[Source "ChessBase"]
[SourceDate "2010.09.01"]
[SourceVersion "1"]
[SourceVersionDate "2010.09.01"]
[SourceQuality "1"]

1. d4 d5 2. Nf3 Nf6 3. c4 dxc4 4. e3 g6 5. Bxc4 Bg7 6. Nc3 e6 7. 0-0 0-0 8. b4 Bd7 9. Bb2 Qe7 10. Qb3 a6 11. a4 Qe8 12. b5 Nd5 13. Bxd5 exd5 14. Ba3 axb5 15. axb5 Ra5 16. Bxf8 Bxb5 17. Rxa5 Bxf1 18. Kxf1 Nc6 19. Bxg7 Nxa5 20. Qxd5 Kxg7 21. Qxa5 b6 22. Qe5+ Qxe5 23. Nxe5 f6 24. Nc6 Kf7 25. d5 Ke8 26. Nb5 Kd7 27. Ke2 f5 28. f3 h6 29. e4 f4 30. e5 h5 31. e6+ Kc8 32. Nba7+ Kb7 33. e7 g5 34. e8Q Ka6 35. Qc8# 1-0

[Event "Arvier op"]
[Site "Arvier"]
[Date "2010.07.04"]
[Round "2"]
[White "Bernard, Nicolas"]
[Black "Fossati, Remigio"]
[Result "0-1"]
[WhiteElo "2117"]
[BlackElo "2201"]
[PlyCount "68"]
[EventDate "2010.07.03"]
[EventType "swiss"]
[EventRounds "9"]
[EventCountry "ITA"]
[SourceTitle "CBM 137 Extra"]
[Source "ChessBase"]
[SourceDate "2010.09.01"]
[SourceVersion "1"]
[SourceVersionDate "2010.09.01"]
[SourceQuality "1"]

1. d4 Nf6 2. Nf3 g6 3. c4 Bg7 4. Nc3 d5 5. e3 0-0 6. Qb3 e6 7. Bd2 b6 8. cxd5 exd5 9. Be2 Bb7 10. 0-0 Nbd7 11. Rfd1 Re8 12. Be1 c6 13. a4 a5 14. Rac1 Bf8 15. h3 Bd6 16. Qa2 Qe7 17. Nd2 Nf8 18. Bf3 Ne6 19. e4 Nxd4 20. exd5 cxd5 21. Nb5 Nxb5 22. axb5 Rac8 23. Rxc8 Rxc8 24. Nb3 Ne4 25. Nd4 Qe5 26. g3 Rc4 27. Nc6 Bxc6 28. bxc6 Bc5 29. Bxe4 Rxe4 30. Kf1 Qe6 31. g4 Qf6 32. b4 Qf3 33. Kg1 Qg3+ 34. Kf1 Qxh3+ 0-1

[Event "Davos op"]
[Site "Davos"]
[Date "2008.08.16"]
[Round "7"]
[White "Bernard, Nicolas"]
[Black "Thon, Manfred"]
[Result "1-0"]
[WhiteElo "2137"]
[BlackElo "1974"]
[PlyCount "45"]
[EventDate "2008.08.10"]
[EventType "swiss"]
[EventRounds "7"]
[EventCountry "SUI"]
[SourceTitle "CBM 126 Extra"]
[Source "ChessBase"]
[SourceDate "2008.11.05"]
[SourceVersion "1"]
[SourceVersionDate "2008.11.05"]
[SourceQuality "1"]

1. d4 d5 2. Nf3 Nc6 3. Bf4 Bg4 4. e3 e6 5. Be2 Nf6 6. 0-0 Bd6 7. Bxd6 Qxd6 8. c4 dxc4 9. Na3 0-0 10. Nxc4 Qe7 11. a3 Ne4 12. h3 Bh5 13. Rc1 Rac8 14. Qb3 Nd8 15. Qc2 Bg6 16. Nfe5 Ng3 17. Nxg6 Nxe2+ 18. Qxe2 hxg6 19. Ne5 Qd6 20. b4 Kh7 21. Qg4 a5 22. Nc4 Qd5 23. Nb6 1-0

[Event "Davos op"]
[Site "Davos"]
[Date "2008.08.14"]
[Round "5"]
[White "Bernard, Nicolas"]
[Black "Bebchuk, Leonid"]
[Result "0-1"]
[WhiteElo "2137"]
[BlackElo "2125"]
[PlyCount "92"]
[EventDate "2008.08.10"]
[EventType "swiss"]
[EventRounds "7"]
[EventCountry "SUI"]
[SourceTitle "CBM 126 Extra"]
[Source "ChessBase"]
[SourceDate "2008.11.05"]
[SourceVersion "1"]
[SourceVersionDate "2008.11.05"]
[SourceQuality "1"]

1. d4 d5 2. Nf3 Nf6 3. c4 e6 4. g3 Be7 5. Bg2 0-0 6. 0-0 dxc4 7. Qc2 a6 8. a4 Nc6 9. Qxc4 a5 10. Bf4 Nd5 11. Nc3 Nxf4 12. gxf4 Qd6 13. e3 Qb4 14. Qe2 Bd7 15. Rfc1 Qb6 16. Ne4 Rfd8 17. Nc5 Bxc5 18. Rxc5 Ne7 19. Ne5 c6 20. Qc2 Be8 21. Rc1 f6 22. Nc4 Qc7 23. Qb3 Bf7 24. Qb6 Qxb6 25. Nxb6 Ra6 26. Nc4 b6 27. Rxc6 Nxc6 28. Bxc6 Rb8 29. Nd6 Ra7 30. e4 Kf8 31. f3 Rc7 32. Kf2 Rd8 33. e5 Bg6 34. Rc3 Ke7 35. Nb5 Rcc8 36. Ke3 Be8 37. Bxe8 Rxc3+ 38. bxc3 Rxe8 39. Ke4 Rc8 40. Nd6 Rxc3 41. f5 fxe5 42. Kxe5 Re3+ 43. Kf4 Rxf3+ 44. Kxf3 Kxd6 45. fxe6 Kxe6 46. Ke4 g6 0-1

[Event "BEL-chT 0304"]
[Site "Belgium"]
[Date "2004.01.25"]
[Round "2.5"]
[White "Bernard, Nicolas"]
[Black "Docx, Stefan"]
[Result "1-0"]
[WhiteElo "2180"]
[BlackElo "2334"]
[PlyCount "119"]
[EventDate "2003.10.01"]
[EventType "team"]
[EventRounds "11"]
[EventCountry "BEL"]
[SourceTitle "EXT 2005"]
[Source "ChessBase"]
[SourceDate "2004.11.15"]
[SourceVersion "1"]
[SourceVersionDate "2004.11.15"]
[SourceQuality "1"]
[WhiteTeam "Boitsfort"]
[BlackTeam "Hoboken"]
[WhiteTeamCountry "BEL"]
[BlackTeamCountry "BEL"]

1. d4 Nf6 2. Nf3 g6 3. c4 Bg7 4. Nc3 d5 5. e3 0-0 6. Qb3 e6 7. Be2 c5 8. dxc5 Qa5 9. 0-0 Na6 10. Bd2 Nxc5 11. Qc2 Qd8 12. Rfd1 b6 13. Be1 Bb7 14. Rac1 Qe7 15. b4 Ncd7 16. Qb3 Rfc8 17. Rc2 Ne4 18. Rdc1 dxc4 19. Bxc4 Nxc3 20. Bxc3 Be4 21. Rd2 b5 22. Be2 Nb6 23. Rdd1 Bxc3 24. Rxc3 Nd5 25. Rxc8+ Rxc8 26. Ne1 Nc3 27. Rd2 Nxe2+ 28. Rxe2 Rc1 29. f3 Bd5 30. Qb2 Qc7 31. Kf2 Rc4 32. g3 e5 33. Rd2 Be6 34. Nd3 f6 35. Nc5 Bf5 36. g4 Bc8 37. Qb1 Kf7 38. a3 a5 39. Qb3 Kg7 40. h4 h5 41. gxh5 Rxh4 42. hxg6 axb4 43. axb4 e4 44. Rd7+ Bxd7 45. Qf7+ Kh6 46. Qh7+ Kg5 47. Ne6+ Bxe6 48. Qxc7 Rh3 49. fxe4 Kxg6 50. Qc6 Bg4 51. Qxb5 Rf3+ 52. Kg2 Rxe3 53. Qd5 Bf3+ 54. Kf2 Rxe4 55. Qd3 Kf7 56. Qb3+ Ke7 57. Kxf3 Re5 58. Qc4 Kd7 59. b5 Re6 60. Qc5 1-0

[Event "BEL-chT 0304"]
[Site "Belgium"]
[Date "2003.12.08"]
[Round "4.8"]
[White "Gregoir, Christophe"]
[Black "Bernard, Nicolas"]
[Result "1/2-1/2"]
[WhiteElo "2266"]
[BlackElo "2180"]
[PlyCount "91"]
[EventDate "2003.10.01"]
[EventType "team"]
[EventRounds "11"]
[EventCountry "BEL"]
[SourceTitle "CBM 097 Extra"]
[Source "ChessBase"]
[SourceDate "2004.01.13"]
[SourceVersion "1"]
[SourceVersionDate "2004.01.13"]
[SourceQuality "1"]
[WhiteTeam "Gent"]
[BlackTeam "Boitsfort"]
[WhiteTeamCountry "BEL"]
[BlackTeamCountry "BEL"]

1. d4 g6 2. c4 Bg7 3. Nf3 Nf6 4. Nc3 0-0 5. e4 d6 6. Be2 e5 7. 0-0 Nc6 8. d5 Ne7 9. b4 a5 10. Ba3 b6 11. bxa5 Rxa5 12. Bb4 Ra8 13. a4 Ne8 14. Qb3 Kh8 15. a5 c5 16. dxc6 Nxc6 17. axb6 Rxa1 18. Rxa1 Qxb6 19. Nd5 Qb8 20. Qa4 Nxb4 21. Rb1 Be6 22. Rxb4 Qd8 23. Qa7 Nf6 24. Bd3 Nd7 25. h4 h6 26. Bc2 Nc5 27. Ne3 f5 28. Qb6 fxe4 29. Qxd8 Rxd8 30. Nd2 d5 31. cxd5 Bxd5 32. Rb5 Bf7 33. Rxc5 Rxd2 34. Rc8+ Kh7 35. Bxe4 h5 36. g4 Rd4 37. f3 hxg4 38. Nxg4 Be6 39. Rc6 Bxg4 40. Bxg6+ Kg8 41. fxg4 Rxg4+ 42. Kf2 Rxh4 43. Kf3 Rf4+ 44. Ke3 Bf6 45. Be4 Kg7 46. Rc2 1/2-1/2

[Event "BEL-chT 0304"]
[Site "Belgium"]
[Date "2003.11.02"]
[Round "3.8"]
[White "Bernard, Nicolas"]
[Black "Roofthoofd, Marcel"]
[Result "0-1"]
[WhiteElo "2180"]
[BlackElo "2257"]
[PlyCount "57"]
[EventDate "2003.10.01"]
[EventType "team"]
[EventRounds "11"]
[EventCountry "BEL"]
[SourceTitle "EXT 2004"]
[Source "ChessBase"]
[SourceDate "2003.11.25"]
[SourceVersion "1"]
[SourceVersionDate "2003.11.25"]
[SourceQuality "1"]
[WhiteTeam "Boitsfort"]
[BlackTeam "Temse"]
[WhiteTeamCountry "BEL"]
[BlackTeamCountry "BEL"]

1. d4 d5 2. Nf3 Nf6 3. c4 c6 4. Nc3 e6 5. e3 Nbd7 6. Be2 dxc4 7. Bxc4 b5 8. Bd3 Bb7 9. 0-0 b4 10. Na4 a6 11. b3 c5 12. Bb2 cxd4 13. Bxd4 Bd6 14. Bb2 Qe7 15. Rc1 0-0 16. Qe2 e5 17. e4 Rfc8 18. Nd2 Rxc1 19. Rxc1 Nc5 20. Nxc5 Bxc5 21. Nc4 Bd4 22. Bxd4 exd4 23. Nd2 a5 24. f3 g6 25. Nc4 Nh5 26. g3 Qg5 27. Qd2 Qf6 28. Qf2 a4 29. Nd2 0-1

[Event "BEL-chT 0001"]
[Site "Belgium"]
[Date "2001.02.18"]
[Round "9"]
[White "Bernard, Nicolas"]
[Black "Gommers, Ralf"]
[Result "1/2-1/2"]
[WhiteElo "2185"]
[BlackElo "2338"]
[PlyCount "43"]
[EventDate "2000.11.18"]
[EventType "team"]
[EventRounds "13"]
[EventCountry "BEL"]
[SourceTitle "CBM 081 Extra"]
[Source "ChessBase"]
[SourceDate "2001.05.06"]
[SourceVersion "1"]
[SourceVersionDate "2001.05.06"]
[SourceQuality "1"]

1. d4 Nf6 2. Nf3 c5 3. d5 b5 4. Bg5 Ne4 5. Bf4 Qa5+ 6. c3 d6 7. Nbd2 Nxd2 8. Qxd2 Nd7 9. e4 g6 10. Bd3 Bg7 11. 0-0 0-0 12. Rfe1 Bb7 13. Bh6 a6 14. Bc2 Qc7 15. Rad1 Nb6 16. b3 Rad8 17. Bxg7 Kxg7 18. c4 Bc8 19. h3 e5 20. dxe6 fxe6 21. e5 d5 22. cxd5 1/2-1/2

[Event "BEL-chT 9899"]
[Site "Antwerp"]
[Date "1999.02.??"]
[Round "7"]
[White "Bernard, Nicolas"]
[Black "Riemens, Albert"]
[Result "1/2-1/2"]
[WhiteElo "2200"]
[BlackElo "2185"]
[PlyCount "39"]
[EventDate "1998.10.??"]
[EventType "team"]
[EventRounds "11"]
[EventCountry "BEL"]
[SourceTitle "EXT 2000"]
[Source "ChessBase"]
[SourceDate "1999.11.16"]
[SourceVersion "1"]
[SourceVersionDate "1999.11.16"]
[SourceQuality "1"]

1. d4 Nf6 2. Nf3 c5 3. d5 e6 4. Nc3 d6 5. e4 exd5 6. exd5 Be7 7. Be2 0-0 8. 0-0 a6 9. a4 Re8 10. h3 Bf8 11. Bg5 Nbd7 12. Qd2 Ne5 13. Nxe5 Rxe5 14. Bd3 h6 15. Bf4 Re8 16. Rfe1 Rxe1+ 17. Rxe1 Bd7 18. g4 Nh7 19. Bxh7+ Kxh7 20. Ne4 1/2-1/2

[Event "BEL-chT 9899"]
[Site "Antwerp"]
[Date "1998.12.06"]
[Round "4"]
[White "Bernard, Nicolas"]
[Black "De Wachter, Matthias"]
[Result "1/2-1/2"]
[WhiteElo "2200"]
[BlackElo "2194"]
[PlyCount "65"]
[EventDate "1998.10.??"]
[EventType "team"]
[EventRounds "11"]
[EventCountry "BEL"]
[SourceTitle "EXT 2000"]
[Source "ChessBase"]
[SourceDate "1999.11.16"]
[SourceVersion "1"]
[SourceVersionDate "1999.11.16"]
[SourceQuality "1"]

1. d4 Nf6 2. Nf3 e6 3. c4 Bb4+ 4. Bd2 Qe7 5. g3 Nc6 6. Bg2 Bxd2+ 7. Nbxd2 d6 8. 0-0 a5 9. e4 e5 10. d5 Nb8 11. Ne1 0-0 12. Nd3 Na6 13. Qe2 Nd7 14. b3 Ndc5 15. Rae1 Nxd3 16. Qxd3 Bd7 17. f4 f6 18. Nf3 Nc5 19. Qe3 b5 20. fxe5 fxe5 21. Nd2 Rxf1+ 22. Rxf1 b4 23. a4 Rf8 24. Rxf8+ Qxf8 25. Bf3 Qf6 26. h4 h6 27. Bd1 g5 28. hxg5 Qxg5 29. Qxg5+ hxg5 30. Kf2 Kg7 31. Ke3 Kf6 32. g4 Kg6 33. Nf1 1/2-1/2

[Event "Huy op"]
[Site "Huy"]
[Date "1992.??.??"]
[Round "4"]
[White "Lane, Gary William"]
[Black "Bernard, Nicolas"]
[Result "1-0"]
[WhiteElo "2420"]
[BlackElo "2240"]
[PlyCount "45"]
[EventDate "1992.??.??"]
[EventType "swiss"]
[EventRounds "9"]
[EventCountry "BEL"]
[SourceTitle "EXT 1997"]
[Source "ChessBase"]
[SourceDate "1996.11.15"]
[SourceVersion "1"]
[SourceVersionDate "1996.11.15"]
[SourceQuality "1"]

1. e4 d6 2. d4 Nf6 3. Nc3 g6 4. Be3 Bg7 5. Qd2 c6 6. Bh6 Bxh6 7. Qxh6 Qa5 8. Bd3 Nbd7 9. Nf3 Qh5 10. Qd2 Qa5 11. Qh6 Qh5 12. Qf4 Nb6 13. a4 Qg4 14. Qe3 Qxg2 15. Rg1 Qh3 16. a5 Nbd7 17. Rg3 Qh5 18. Rg5 Qh6 19. e5 Nd5 20. Nxd5 cxd5 21. exd6 e6 22. 0-0-0 0-0 23. Rxg6+ 1-0

[Event "Ostend op"]
[Site "Ostend"]
[Date "1990.??.??"]
[Round "?"]
[White "Bernard, Nicolas"]
[Black "Van der Sterren, Paul"]
[Result "0-1"]
[WhiteElo "2245"]
[BlackElo "2485"]
[PlyCount "56"]
[EventDate "1990.09.??"]
[EventType "swiss"]
[EventRounds "9"]
[EventCountry "BEL"]
[SourceTitle "EXT 1997"]
[Source "ChessBase"]
[SourceDate "1996.11.15"]
[SourceVersion "1"]
[SourceVersionDate "1996.11.15"]
[SourceQuality "1"]

1. d4 Nf6 2. Nf3 d5 3. c4 e6 4. g3 Be7 5. Bg2 0-0 6. 0-0 b6 7. cxd5 exd5 8. Nc3 Bb7 9. Ne5 Na6 10. Nd3 c5 11. dxc5 bxc5 12. Nf4 Nc7 13. Qb3 Rb8 14. Rd1 Qc8 15. Qc2 d4 16. Ne4 Nxe4 17. Bxe4 Bxe4 18. Qxe4 Re8 19. Qc2 Bd6 20. Ng2 Nd5 21. e3 Qg4 22. Bd2 Nf6 23. Re1 Qe4 24. Qxe4 Nxe4 25. Bc1 d3 26. Rd1 c4 27. Ne1 Be5 28. Rb1 Nc3 0-1

[Event "Metz op 08th"]
[Site "Metz"]
[Date "1990.??.??"]
[Round "3"]
[White "Van Wely, Loek"]
[Black "Bernard, Nicolas"]
[Result "1-0"]
[WhiteElo "2445"]
[BlackElo "2245"]
[PlyCount "69"]
[EventDate "1990.04.??"]
[EventType "swiss"]
[EventRounds "9"]
[EventCountry "FRA"]
[SourceTitle "EXT 1999"]
[Source "ChessBase"]
[SourceDate "1998.11.16"]
[SourceVersion "1"]
[SourceVersionDate "1998.11.16"]
[SourceQuality "1"]

1. d4 Nf6 2. c4 g6 3. Nc3 Bg7 4. e4 d6 5. Nf3 0-0 6. Be2 e5 7. 0-0 Nc6 8. d5 Ne7 9. b4 Nh5 10. g3 f5 11. Ng5 Nf6 12. f3 h6 13. Ne6 Bxe6 14. dxe6 c6 15. Qb3 Qb6+ 16. Kg2 Rad8 17. a4 Kh8 18. b5 Qc7 19. Rb1 Qc8 20. bxc6 bxc6 21. Qb7 Qxe6 22. Qxa7 Ra8 23. Qb7 Nd7 24. Ba3 Nf6 25. Rfd1 Rad8 26. h3 Rd7 27. Qb6 fxe4 28. fxe4 h5 29. a5 Nh7 30. a6 Ng5 31. Rh1 Rdd8 32. a7 Qc8 33. Qe3 Bh6 34. Rb8 Qa6 35. a8Q 1-0